Modulácia rádioterapie

Bibliographic Details
Main Author: Bernát, P. (Author)
Format: Article
Language:Slovak
PhysicalDescription:Grafy, obr., tab.
ISSN:1335-0579
Subjects:

MARC

LEADER 00000nab a2200000 a 4500
001 vtls000881112
003 SK-MaSNL
005 20260304181946.0
008 250429c2004 xo 0 slo
015 |a SNBRB2004/08-25093 
035 |a CLN000232634 
035 |a urn:nbn:sk:snk-ab2evr 
035 |a (urnnbn)urn:nbn:sk:snk:ar-a02bif 
035 |a (uuid)6c8f4d06-62b9-478f-88b8-1b21817c3329 
040 |a SNKBUCL  |b slo  |c SNKBUCL  |e AACR2 
041 0 |a slo 
044 |a xo  |c SK 
080 |a 616-006-08:615.849:061.3  |2 1997 
100 1 |a Bernát, P.  |4 aut  |9 772958 
245 1 0 |a Modulácia rádioterapie  |c P. Bernát 
300 |b Grafy, obr., tab. 
504 |a Res. slov. 
504 |a Bibliogr. odkazy 
650 0 7 |a rádioterapia  |2 snkbucl  |9 2580 
650 0 7 |a látky rádioprotektívne  |2 MESH  |9 1483185 
650 0 7 |a kongresy (publikačný typ)  |2 MESH  |9 846472 
650 0 7 |a látky rádiosenzibilizujúce  |2 snkbucl  |9 1512561 
650 0 7 |a terapeutické metódy  |2 MESH  |9 68001 
650 0 7 |a rádioimunoterapia  |2 MESH  |9 1197145 
650 0 7 |a antineoplastiká  |2 MESH  |9 27919 
650 0 7 |a metódy  |2 MESH  |9 3855 
655 7 |a články z novín a časopisov  |2 snkbucl  |9 267496 
773 0 |t Acta chemotherapeutica  |g Roč. 13, č. 2-3 (2004), s. 36-43  |x 1335-0579 
850 |a Slovenská národná knižnica 
852 |a Slovenská národná knižnica 
954 |a odborná, vedecká literatúra pôvodná (slovenská)  |2 lita 
958 |a article27 
958 |a MI 
958 |a NB 
958 |a OND 
958 |a EUIPO 
992 |a RBX 
999 |c 3026869  |d 3028799